Alle Farben, die in Nationalflaggen vorkommen - Statistiken

Allgemein
  • Dieses Quiz wurde 121 mal gespielt
  • Das Durchschnittsergebnis liegt bei 8 aus 9
Antwortstatistiken
Antworten % Korrekt
Gelb
100%
Grün
100%
Rot
100%
Schwarz
100%
Weiß
100%
Blau
99%
Orange
89%
Braun
77%
Violett
43%
Keine übereinstimmenden Quizze gefunden
Verteilung der Resultate
Anzahl Personen mit jedem Resultat
Perzentil nach korrekt beantworteten Fragen
Ihre Resultats-Entwicklung
Sie haben dieses Quiz noch nicht gespielt